000 04374nab a2200325 i 4500
003 BR-BrBNA
005 20231009090854.0
008 231009b2016 bl.qr|pooa||| 00| 0 por |
040 _aBR-BrBNA
_bpor
072 _aF50
100 _aMendonça, Andrea Vita Reis
100 _aFreitas, Teresa Aparecida Soares de
100 _aSouza, Leonardo Silva
100 _aFonseca, Mariana Duarte Silva
100 _aSouza, Josival Santos
245 _aMorfologia de frutos e sementes e germinação de Poincianella pyramidalis (Tul.) L. P. Queiroz, comb. Nov
500 _aPublicação on-line; 35 ref.; 8 tables; 5 illus.; Summaries (En, Pt)
520 _a RESUMO O objetivo deste trabalho foi descrever os caracteres morfológicos dos frutos, sementes e plântulas, caracterizar o processo de germinação e verificar se a posição da semente no fruto interfere na germinação de sementes de Poincianella pyramidalis. Os frutos foram coletados de cinco árvores-matrizes em propriedade rural situada no município de Castro Alves - BA - Brasil em área próxima a remanescentes de Caatinga sensu stricto e Floresta Estacional. O fruto de Poincianella pyramidalis é do tipo legume, polispérmico, deiscente, medindo, em média, 9,4±0,08 cm de comprimento, podendo conter até 8 sementes por fruto, sendo o número médio de sementes, aparentemente viáveis, por 100 frutos de 280±29,8. A semente é elipsoide de cor castanho-amarelada e superfície lisa, polida e dura, sendo provida de testa e tegma, com comprimento de 1,25 ± 0,004 cm. O embrião é axial, invaginado e reto e não foi verificada presença de endosperma. O peso de 1000 sementes foi de 106,8 ± 12,4 g. A germinação é epígea fanerocotiledonar, teve início no terceiro dia após a semeadura e a formação completa da plântula foi verificada no nono dia. A produção de sementes de Poincianella pyramidalis na posição proximal é inferior em relação às demais posições. O percentual de germinação é influenciado pela posição da semente no fruto, sementes na posição distal apresentam germinação inferior às sementes das demais posições. Palavras-chave: Caesalpinia pyramidalis; catinga-de-porco; posição semente no fruto.
520 _a ABSTRACT The objective of this study was to describe the morphological characters of fruits, seeds and seedlings, characterize the germination process and verify that the seed position in the fruit interferes with the seed germination of Poincianella pyramidalis. The fruits were collected from five trees in the Castro Alves, Bahia – Brazil in the area near the remnants of Caatinga sensu stricto and Deciduous Forest. The fruit of Poincianella pyramidalis is a type of legume, polyspermic, dehiscent, measuring on average 9.4 ± 0.08 cm in length and can contain up to 8 seeds per fruit, being the average number of seeds, apparently viable fruits per 100 ± 280 29.8. The seed is ellipsoid, yellowish brown color and smooth, polished and hard, being provided testa and internal tegument, with a length of 1.25 ± 0.004 cm. The embryo is axis, invaginated and straight and there was no presence of endosperm. The weight of 1000 seeds was 106.8 ± 12.4 g. Germination is phanecotylar-epigious began the third day after sowing and the complete formation of the seedling was observed on the ninth day. Seed production of Poincianella pyramidalis in the proximal position is lower compared to other positions. Seed germination is influenced by seed position in the fruit, seeds present in the distal lower seed germination of other positions. Keywords: Caesalpinia pyramidalis; catinga-de-porco; fruit position on seed.
650 _aCAESALPINIA PYRAMIDALIS
650 _aCATINGUEIRA
650 _aMORFOLOGIA VEGETAL
650 _aFRUTO
650 _aSEMENTE
650 _aGERMINAÇÃO
773 0 _04065
_9102038
_dSanta Maria-RS Universidade Federal de Santa Maria - Centro de Pesquisas Florestais.Departamento de Ciências Florestais. Programa de Pós-Graduação em Engenharia Florestal 1991
_o2023-436444
_tCiência Florestal (Brazil)
_x0103-9954; 1980-5098 (on-line)
_gv. 26(2) p. 375-387; (Apr-Jun 2016)
_wBR2023001183
856 _uhttps://www.scielo.br/j/cflo/a/bcj9PJ5hcX8hBvgQvV48gNb/?format=pdf&lang=pt
942 _cAnalítica
999 _c86431
_d86431